<?xml version="1.0" encoding="UTF-8"?>
<record
    xmlns:xsi="http://www.w3.org/2001/XMLSchema-instance"
    xsi:schemaLocation="http://www.loc.gov/MARC21/slim http://www.loc.gov/standards/marcxml/schema/MARC21slim.xsd"
    xmlns="http://www.loc.gov/MARC21/slim">

  <leader>01039cam a22002531  4500</leader>
  <controlfield tag="001">sa 68015836 </controlfield>
  <controlfield tag="003">DLC</controlfield>
  <controlfield tag="005">20260227112647.0</controlfield>
  <controlfield tag="008">891030s1966    ii            000 0 ara  </controlfield>
  <datafield tag="010" ind1=" " ind2=" ">
    <subfield code="a">sa 68015836 </subfield>
  </datafield>
  <datafield tag="025" ind1=" " ind2=" ">
    <subfield code="a">PL480:I-Ar-43</subfield>
  </datafield>
  <datafield tag="035" ind1=" " ind2=" ">
    <subfield code="a">(OCoLC)20570892</subfield>
  </datafield>
  <datafield tag="040" ind1=" " ind2=" ">
    <subfield code="a">DLC</subfield>
    <subfield code="c">WaU</subfield>
    <subfield code="d">WaU</subfield>
    <subfield code="d">DLC</subfield>
  </datafield>
  <datafield tag="042" ind1=" " ind2=" ">
    <subfield code="a">premarc</subfield>
  </datafield>
  <datafield tag="050" ind1="0" ind2="0">
    <subfield code="a">BP135</subfield>
    <subfield code="b">.H33 1966b</subfield>
  </datafield>
  <datafield tag="100" ind1="2" ind2=" ">
    <subfield code="a">&#x1E24;&#x101;kim al-N&#x12B;s&#x101;b&#x16B;r&#x12B;, Mu&#x1E25;ammad ibn &#x2BB;Abd All&#x101;h,</subfield>
    <subfield code="d">933-1014.</subfield>
  </datafield>
  <datafield tag="245" ind1="1" ind2="0">
    <subfield code="a">Kit&#x101;b ma&#x2BB;rifat &#x2BB;ul&#x16B;m al-&#x1E25;ad&#x12B;th,</subfield>
    <subfield code="c">ta&#x1E63;n&#x12B;f Ab&#x12B; &#x2BB;Abd All&#x101;h Mu&#x1E25;ammad ibn &#x2BB;Abd All&#x101;h al-&#x1E24;&#x101;fi&#x1E93; al-N&#x12B;s&#x101;b&#x16B;r&#x12B; ; i&#x2BB;tan&#xE1; bi-nashrihi wa-ta&#x1E63;&#x1E25;&#x12B;&#x1E25;ihi wa-al-ta&#x2BB;l&#x12B;q &#x2BB;alayhi ma&#x2BB;a tarjamat al-mu&#x1E63;annif Mu&#x2BB;a&#x1E93;&#x1E93;am &#x1E24;usayn.</subfield>
  </datafield>
  <datafield tag="250" ind1=" " ind2=" ">
    <subfield code="a">al-&#x1E6C;ab&#x2BB;ah 2.</subfield>
  </datafield>
  <datafield tag="260" ind1=" " ind2=" ">
    <subfield code="a">&#x1E24;aydar&#x101;b&#x101;d al-Dakkan,</subfield>
    <subfield code="b">Ma&#x1E6D;ba&#x2BB;at Majlis D&#x101;&#x2BB;irat al-Ma&#x2BB;&#x101;rif al-&#x2BB;Uthm&#x101;n&#x12B;yah,</subfield>
    <subfield code="c">1966.</subfield>
  </datafield>
  <datafield tag="300" ind1=" " ind2=" ">
    <subfield code="a">39, 330 p.</subfield>
    <subfield code="c">25 cm.</subfield>
  </datafield>
  <datafield tag="650" ind1=" " ind2="0">
    <subfield code="a">Hadith</subfield>
    <subfield code="x">Criticism, interpretation, etc.</subfield>
  </datafield>
  <datafield tag="700" ind1="2" ind2=" ">
    <subfield code="a">Mu&#x2BB;a&#x1E93;&#x1E93;am &#x1E24;usayn, al-Sayyid.</subfield>
  </datafield>
  <datafield tag="740" ind1="0" ind2=" ">
    <subfield code="a">Ma&#x2BB;rifat &#x2BB;ul&#x16B;m al-&#x1E24;ad&#x12B;th.</subfield>
  </datafield>
  <datafield tag="999" ind1=" " ind2=" ">
    <subfield code="c">86716</subfield>
    <subfield code="d">86716</subfield>
  </datafield>
</record>
